000 00572nam a2200181Ia 4500
008 100920s9999 xx 000 0 und d
082 _b56977
_a891.464 थ 76
100 _aभावे पुरुषोत्तम भास्कर.
245 _aरांगोळी.
260 _bनागपूर प्रकाशन, नागपूर 12.
_c1976
300 _a184
_bसाधी
365 _b35
520 _aनिबंध.
630 _aरांगोळी.
650 _aनिबंध.
730 _aरांगोळी.
942 _cBOOK
999 _c700963
_d700960